000
00249nam a2200097Ia 4500
001
808763
005
20250826171256.0
008
250824s9999 xx 000 0 und d
245
0
_a
CLONMELİN KRALLARI
_c
JOHN FLANAGAN
260
_b
BEYAZ BALİNA YAYINLARI
999
_c
808763
_d
808763